000 01508 a2200229 4500
001 41116
005 20260407155705.0
008 260407a2002 arg spa d
003 AR-UNSa-BCEJYS
040 _aAR-UNSa-BCEJYS
_bspa
_cAR-UNSa-BCEJYS
080 _a347.72.04
_xModificación legal de las condiciones de la sociedad. Extinción. Disolución. Liquidación. Reconstitución. Fusión
245 1 0 _aLa pérdida del capital social como causal de disolución de las sociedades comerciales
020 _a950-894-362-9
264 1 _aBuenos Aires :
_bAD-HOC
_c2002
300 _a126 p.
_c23 cm.
505 _a1. Breves conceptos sobre la disolución de la sociedad comercial - 2. La importancia del capital social en las sociedades comerciales - 3. La disolución de la sociedad por pérdida de su capital social - 4. Procedimientos para evitar la causal disolutoria de pérdida del capital social (primera parte)- 5. Procedimientos para evitar la causal disolutoria de pérdida del capital social (segunda parte) - 6. Revocación de la causal disolutoria de pérdida del capital social - 7. Situación de la sociedad que ignora la pérdida del capital social - 8. La suspensión de la operatividad de la causal de disolución por pérdida del capital social. El decreto 1269/02
041 _aspa
942 _cBK
590 _aniveau_biblio:m niveau_hierar:0
100 1 _aNissen, Ricardo Augusto
856 4 1 _uhttps://biblioeco.unsa.edu.ar/pmb/images/libros/L126377.jpg
_yImagen de portada
_qimage/jpeg
999 _c3384
_d3384